LEADER 01054nam0-22003491i-450- 001 990006529390403321 005 20071119104612.0 035 $a000652939 035 $aFED01000652939 035 $a(Aleph)000652939FED01 035 $a000652939 100 $a20010426d1982----km-y0itay50------ba 101 0 $aita 105 $ay-------001yy 200 1 $a<>150 ore dell'emarginazione$eoperai e giovani degli anni '70$fA cura di F. Barbano 210 $aMilano$cAngeli$d1982 215 $a301 p.$d22 cm 225 1 $aSaggi e ricerche dell'Istituto di scienze politiche Gioele Solari, Università di Torino$v34 532 11$a<>centocinquanta ore dell' emarginazione 676 $a361.2 702 1$aBarbano,$bFilippo 801 0$aIT$bUNINA$gRICA$2UNIMARC 901 $aBK 912 $a990006529390403321 952 $aCOLLEZ. 409 (34)$b21301$fFSPBC 952 $aXV R 307$fDTE 952 $aXXVII-A-35$b4928$fMAS 959 $aFSPBC 959 $aDTE 959 $aMAS 996 $a150 ore dell'emarginazione$9620275 997 $aUNINA LEADER 01661cam--2200445---450- 001 990001699810203316 005 20111027140147.0 010 $a88-14-10333-X 035 $a000169981 035 $aUSA01000169981 035 $a(ALEPH)000169981USA01 035 $a000169981 100 $a20040526d2003----km-y0enga50------ba 101 $aita 102 $aIT 105 $aa|||z|||101yy 200 1 $aAlberico Gentili$e<> soluzione pacifica delle controversie internazionali$eatti del convegno$enona giornata gentiliana, San Ginesio, 29-30 settembre 2000$fCentro Internazionale di Studi Gentiliani 210 $aMilano$cGiuffrè$dcopyr. 2003 215 $a268 p.$d23 cm 225 2 $aCentro internazionale di studi gentiliani$v9 410 0$12001$aCentro internazionale di studi gentiliani$v9 606 0 $aControversie internazionali$xComposizione pacifica 676 $a341.52 710 12$aGiornata Gentiliana$d<9.;$f2000;$eSan Ginesio>$0301852 711 12$aCentro Internazionale di Studi Gentiliani$0562249 801 0$aIT$bsalbc$gISBD 912 $a990001699810203316 951 $aXXIII.1.L. 73 (IG VIII 5 115)$b41185 G.$cXXIII.1.L.$d00135455 959 $aBK 969 $aGIU 979 $aMARIA$b10$c20040526$lUSA01$h1234 979 $aFIORELLA$b90$c20041025$lUSA01$h1027 979 $aFIORELLA$b90$c20041025$lUSA01$h1027 979 $aFIORELLA$b90$c20090216$lUSA01$h1336 979 $aFIORELLA$b90$c20090216$lUSA01$h1336 979 $aRSIAV3$b90$c20091012$lUSA01$h1834 979 $aCHIARA$b90$c20111027$lUSA01$h1401 979 $aCHIARA$b90$c20111027$lUSA01$h1402 996 $aAlberico Gentili$9948464 997 $aUNISA LEADER 00732nam0-2200241 --450 001 9910307560003321 005 20190207105759.0 100 $a20190207d1956----kmuy0itay5050 ba 101 0 $aeng$alat 102 $aNL 105 $a 001yy 200 1 $aDialectica$fPetrus Abaelardus$gfirst complete edition of the Parisian manuscript by L. M. De Rijk 210 $aAssen$cVan Gorcum$dc1956 215 $aCVI, 51-637 p.$d25 cm 700 1$aAbaelardus,$bPetrus$f<1079-1142>$0156884 702 1$aRijk,$bLambertus Marie de 801 0$aIT$bUNINA$gREICAT$2UNIMARC 901 $aBK 912 $a9910307560003321 952 $aP2B 670 ABAEL. 406A 1956$b31937$fFLFBC 959 $aFLFBC 996 $aDialectica$9982698 997 $aUNINA LEADER 02208nam0 22004333i 450 001 LO10365941 005 20251003044209.0 010 $a8815047735 020 $aIT$b96-618 100 $a20130827d1995 ||||0itac50 ba 101 | $aita 102 $ait 181 1$6z01$ai $bxxxe 182 1$6z01$an 200 1 $aˆL'‰organizzazione delle attività economiche$fAnna Grandori 210 $aBologna$cIl mulino$d[1995] 215 $a614 p.$d24 cm. 225 | $aStrumenti$i. Economia 410 0$1001CFI0011208$12001 $aStrumenti$i. Economia 606 $aOrganizzazione$2FIR$3CFIC020444$9E 606 $aAziende$xOrganizzazione$2FIR$3CFIC004905$9E 676 $a330$9ECONOMIA$v21 676 $a658.402$9GESTIONE DELLA DIREZIONE. ORGANIZZAZIONE INTERNA$v20 676 $a658.402$9GESTIONE ESECUTIVA. ORGANIZZAZIONE INTERNA$v21 696 $aOrganizzazione 696 $aImprese$aOrganizzazione 699 $aOrganizzazione$zOrganizzazione 699 $aAziende$yImprese 699 $aOrganizzazione$zOrganizzazione 801 3$aIT$bIT-000000$c20130827 850 $aIT-BN0095 $aIT-NA0070 901 $bNAP 01$cAZ $n$ 901 $bNAP BU$c4 B $nPropedeutica. Formato cm. 20,1-28. 901 $bNAP 01$cPOZZO LIB.$nVi sono collocati fondi di economia, periodici di ingegneria e scienze, periodici di economia e statistica e altri fondi comprendenti documenti di economia pervenuti in dono. 912 $aLO10365941 950 0$aBiblioteca Centralizzata di Ateneo$c1 v.$d 01AZ (AR) 18 843$e 01AR 0700188435 VMA 1 v.$fY $h20141125$i20141125$c1 v. in due copie$d 01POZZO LIB.ECON MON 8102$e 0101 0000103525E VMA 1 v. (stampa 1998. - Precedente collocazione: GUERRAZZI B 249)$fB $h20071008$i20071008$c1 v. in due copie$d 01POZZO LIB.ECON MON 8102$e 0101 0000103535E VMA (bis 1 v. (2. copia. - Precedente collocazione: GUERRAZZI B 249 (bis)$fB $h20071008$i20071008 977 $a 01$a BU 996 $aOrganizzazione delle attività economiche$9456176 997 $aUNISANNIO